| 000 | 01684nam0a2200373 4500 | ||
|---|---|---|---|
| 001 | RU\NLR\BIBL_A\022228739 | ||
| 005 | 20240802120536.0 | ||
| 010 |
_a978-5-91883-535-7 _92000 |
||
| 021 |
_aRU _bКН-П-24-021126 _9КН-П-24-2202 |
||
| 035 | _a(NLR Aleph) 022228739 | ||
| 090 |
_a13124380 _c13124380 |
||
| 100 | _a20240521d2024 k y0rusy50 ca | ||
| 101 | 0 | _arus | |
| 102 | _aRU | ||
| 105 | _aach z 000yy | ||
| 181 | 0 |
_ai _baxxe |
|
| 182 | 0 | _an | |
| 200 | 1 |
_aОружие и мундир кубанских казаков конца XVIII - начала XX в. _fБ. Е. Фролов |
|
| 203 |
_aТекст _bвизуальный _cнепосредственный |
||
| 210 |
_aКраснодар _cТрадиция _d2024 |
||
| 215 |
_a119 с. _cил., цв. ил., портр., факс. _d29 |
||
| 225 | 1 | _aПодарочные книги Кубани | |
| 300 | _aЗагл. обл.: Оружие и мундир кубанских казаков | ||
| 333 | _a10+ | ||
| 512 | 1 | _aОружие и мундир кубанских казаков | |
| 601 | 0 | 2 |
_aКубанское казачье войско _xВооружение _z18 - 20 вв _2nlr_sh2 _3RU\NLR\AUTH\6601648100 |
| 601 | 0 | 2 |
_aКубанское казачье войско _xВоенное обмундирование _z18 - 20 вв _2nlr_sh2 _3RU\NLR\AUTH\6601648102 |
| 686 | 1 | _aЦ9г(2) | |
| 686 | 1 | _aЦ4,8(2)243.6г | |
| 700 | 1 |
_aФролов _bБ. Е. _cисторик, краевед _f1948- _gБорис Ефимович _3RU\NLR\AUTH\7768904 |
|
| 942 | _cBOOK | ||
| 980 | _aNB | ||